Mapping collaborative work and innovation in biomedicine: a computer-assisted analysis of antibody Reagent workshops. (Record no. 61409)

000 -LEADER
fixed length control field 00504pab a2200169 454500
008 - FIXED-LENGTH DATA ELEMENTS--GENERAL INFORMATION
fixed length control field 180718b2004 xxu||||| |||| 00| 0 eng d
100 ## - MAIN ENTRY--PERSONAL NAME
Personal name Cambrosio, Alberto
245 ## - TITLE STATEMENT
Title Mapping collaborative work and innovation in biomedicine: a computer-assisted analysis of antibody Reagent workshops.
260 ## - PUBLICATION, DISTRIBUTION, ETC.
Date of publication, distribution, etc. 2004
300 ## - PHYSICAL DESCRIPTION
Extent p.325-64.
362 ## - DATES OF PUBLICATION AND/OR SEQUENTIAL DESIGNATION
Dates of publication and/or sequential designation Jun
650 ## - SUBJECT ADDED ENTRY--TOPICAL TERM
Topical term or geographic name entry element Medical sciences
700 ## - ADDED ENTRY--PERSONAL NAME
Personal name Mogoutov, Andrei
700 ## - ADDED ENTRY--PERSONAL NAME
Personal name Keating, Peter
773 ## - HOST ITEM ENTRY
Main entry heading Social Studies of Science
909 ## -
-- 61409
Holdings
Withdrawn status Lost status Damaged status Not for loan Permanent Location Current Location Date acquired Serial Enumeration / chronology Barcode Date last seen Price effective from Koha item type
        Indian Institute of Public Administration Indian Institute of Public Administration 2018-07-19 Volume no: 34, Issue no: 3 AR61855 2018-07-19 2018-07-19 Articles

Powered by Koha